00299nam a2200121Ia 4500008004100000041000800041082001400049100001900063245003500082260004000117300001300157365000700170240624s9999 xx 000 0 und d aeng a338.4 WOM aWOMACK JAMES P aMACHINE THAT CHANGED THE WORLD c1990aLondonbScribner Book Company a340 , p. cRS